Statystyki dla Quiz o Grupie KpH

Kliknij tutaj aby rozwiązać quiz!

Ogólne statystyki

  • Ten quiz został rozwiązany 9 razy
  • Średni wynik to 12 z 15

Statystyki odpowiedzi

PytanieOdpowiedź% Poprawnych
Rurznuhe sztuczki w niecie to inaczejDDoS
100%
Tego komunikatora używa Grupa KpHDiscord
100%
Najsłabszy developer znany Grupie KpHFilip
100%
Największy program grupy KpHHoerg
100%
Kraj wspierany przez grupę KpHKorea Północna
100%
Serwis Grupy KpH dostarczający wiadomości ze świataKpH News
100%
"Państwo" zaprojektowane przez grupę KpHKRP
100%
Właściciel grupy KpH zbiera telefony tej firmyNokia
100%
Język programowania, którego używa Grupa KpHVisual Basic
100%
Zespół muzyczny promowany przez grupę KpHXS Project
100%
Programista w slangu kapechezyjskimCrack developer
67%
Tego plugin używa serwer Minecraft Grupy KpHSkript
67%
Gra rozwijana przez Grupę KpHKlon IM-14
33%
W niej jest siedziba Grupy KpHPiwnica
33%
Główny serwis internetowy świadczony przez Grupę KpHSpotted
33%

Rozkład punktacji

Percentyl według liczby udzielonych odpowiedzi

Procent ludzi z każdym wynikiem

Twoja historia wyników

Nie rozwiązałeś tego quizu